000 00267nam a2200109Ia 4500
008 190216s9999||||xx |||||||||||||| ||und||
100 _aVivekanandan G
245 0 _aBombayil Oru Maduvidu
260 _bNbs Kottayam
650 _aMalayalam Novel-Malayalam
942 _cBK
999 _c24795
_d24795